Water Resources and Hydraulics . (Record no. 609099)
[ view plain ]
| 000 -LEADER | |
|---|---|
| fixed length control field | 00302nam a22001217a 4500 |
| 040 ## - CATALOGING SOURCE | |
| Transcribing agency | nust |
| 082 ## - DEWEY DECIMAL CLASSIFICATION NUMBER | |
| Classification number | 551.48 |
| Author Mark | WAN |
| 100 ## - MAIN ENTRY--PERSONAL NAME | |
| Personal name | Xixi Wang |
| 9 (RLIN) | 122646 |
| 245 ## - TITLE STATEMENT | |
| Title | Water Resources and Hydraulics . |
| 300 ## - PHYSICAL DESCRIPTION | |
| Extent | 616 pages |
| Dimensions | 25cm |
| 440 ## - SERIES STATEMENT/ADDED ENTRY--TITLE | |
| Title | Water Resources and hydraulics . |
| 9 (RLIN) | 122647 |
| 942 ## - ADDED ENTRY ELEMENTS (KOHA) | |
| Source of classification or shelving scheme | |
| Koha item type | Book |
| Withdrawn status | Lost status | Source of classification or shelving scheme | Damaged status | Not for loan | Permanent Location | Current Location | Date acquired | Total Checkouts | Full call number | Barcode | Date last seen | Price effective from | Koha item type |
|---|---|---|---|---|---|---|---|---|---|---|---|---|---|
| School of Civil and Environmental Engineering (SCEE) | School of Civil and Environmental Engineering (SCEE) | 05/14/2024 | 551.48 WAN | NIT-13733 | 05/14/2024 | 05/14/2024 | Book |
